[Event "PRO League Group Stage"]
[Site "chess.com INT"]
[Date "2020.02.03"]
[Round "5"]
[White "Saric, Ivan"]
[Black "Le, Quang Liem"]
[Result "0-1"]
[WhiteTitle "GM"]
[BlackTitle "GM"]
[WhiteElo "2655"]
[BlackElo "2713"]
[WhiteTeam "Canada Chessbrahs"]
[BlackTeam "Saint Louis Arch Bishops"]
[WhiteFideId "14508150"]
[BlackFideId "12401137"]
[EventDate "2020.01.06"]

1. e4 e5 2. Nf3 Nc6 3. Bb5 Nf6 4. d3 d6 5. O-O Be7 6. c3 O-O 7. Re1 a6 8. Ba4
Re8 9. h3 h6 10. Nbd2 Bf8 11. Nf1 b5 12. Bc2 Bb7 13. Ng3 Nb8 14. d4 Nbd7 15. a4
c6 16. Be3 Qc7 17. Qc1 Rac8 18. axb5 axb5 19. Rd1 Ra8 20. Rxa8 Bxa8 21. dxe5
dxe5 22. Nh4 c5 23. b3 Bc6 24. Nhf5 Re6 25. c4 bxc4 26. bxc4 Nb6 27. Bd3 Ba4 28.
Rd2 Nfd7 29. Ne2 Nb8 30. Nc3 Bd7 31. Rb2 Na6 32. Nd5 Qd8 33. Qa1 Nb4 34. Rxb4
cxb4 35. Qa5 Qa8 36. Bxb6 Qxa5 37. Bxa5 b3 38. Bc3 Bc5 39. Nc7 Rc6 40. Nb5 f6
41. Kf1 Ra6 42. Ne3 Kf7 43. Ke1 Bxe3 44. fxe3 Ra2 45. Kd1 Rxg2 46. Kc1 Bxh3 47.
c5 Bd7 48. Na7 h5 49. c6 Be6 50. c7 Kg6 51. Kb1 h4 52. Bc4 Bg4 53. c8=Q Bxc8 54.
Nxc8 h3 55. Ne7+ Kg5 56. Bxb3 h2 57. Bc2 h1=Q+ 58. Kb2 Qh2 0-1

[Event "PRO League Group Stage"]
[Site "chess.com INT"]
[Date "2020.02.03"]
[Round "5"]
[White "Firouzja, Alireza"]
[Black "Dominguez Perez, Leinier"]
[Result "1-0"]
[WhiteTitle "GM"]
[BlackTitle "GM"]
[WhiteElo "2723"]
[BlackElo "2758"]
[WhiteTeam "Canada Chessbrahs"]
[BlackTeam "Saint Louis Arch Bishops"]
[WhiteFideId "12573981"]
[BlackFideId "3503240"]
[EventDate "2020.01.06"]

1. e4 c5 2. Nc3 d6 3. d4 cxd4 4. Qxd4 Nc6 5. Qd2 g6 6. b3 Bh6 7. f4 Nf6 8. Bb2
e5 9. g3 O-O 10. O-O-O exf4 11. gxf4 Nh5 12. Nge2 Qh4 13. Nd5 Be6 14. Kb1 Bxd5
15. exd5 Ne7 16. Bg2 Bg7 17. Bxg7 Nxg7 18. Ng3 Rfe8 19. Be4 Qf6 20. Qb4 a5 21.
Qxb7 Reb8 22. Qc7 a4 23. Ne2 Rc8 24. Qb6 Ngf5 25. Qb4 axb3 26. cxb3 Rxa2 27.
Kxa2 Ra8+ 28. Kb1 Ra1+ 29. Kc2 Ne3+ 30. Kd2 Nxd1 31. Rxd1 Ra2+ 32. Ke3 Qh4 33.
Rd2 Ra1 34. Qxd6 Re1 35. Qb8+ Kg7 36. Qe5+ Kg8 37. Qg5 Qh3+ 38. Qg3 Qc8 39. Qxe1 1-0

[Event "PRO League Group Stage"]
[Site "chess.com INT"]
[Date "2020.02.03"]
[Round "5"]
[White "Obregon, Andres Carlos"]
[Black "Fedoseev, Vladimir3"]
[Result "0-1"]
[WhiteTitle "GM"]
[BlackTitle "GM"]
[WhiteElo "2525"]
[BlackElo "2671"]
[WhiteTeam "Argentina Krakens"]
[BlackTeam "New York Marshalls"]
[WhiteFideId "111724"]
[BlackFideId "24130737"]
[EventDate "2020.01.06"]

1. d4 f5 2. c4 Nf6 3. Nf3 g6 4. g3 Bg7 5. Bg2 O-O 6. O-O d6 7. Nc3 c6 8. d5 e5
9. dxe6 Bxe6 10. b3 Na6 11. Bb2 Qe7 12. Qd2 Rad8 13. Rad1 Nc5 14. Qc2 a5 15. a3
h6 16. Nd4 Bf7 17. e3 Nce4 18. Nde2 Rfe8 19. Nxe4 fxe4 20. Bc3 b6 21. Nd4 Rc8
22. Bb2 d5 23. Rc1 dxc4 24. bxc4 Nd7 25. Ne2 Ne5 26. c5 Nf3+ 27. Kh1 b5 28. Bxg7
Kxg7 29. Rfd1 Qe5 30. Bxf3 exf3 31. Nd4 Kh7 32. Kg1 Qh5 33. Qd3 Rcd8 34. Qf1 Bd5
35. a4 Bc4 36. Rxc4 bxc4 37. Qxc4 Rd5 38. h4 Qg4 39. Kh2 g5 40. Qa6 gxh4 41. Rg1
Rh5 0-1

[Event "PRO League Group Stage"]
[Site "chess.com INT"]
[Date "2020.02.03"]
[Round "5"]
[White "Perez Ponsa, Federico"]
[Black "Moranda, Wojciech"]
[Result "0-1"]
[WhiteTitle "GM"]
[BlackTitle "GM"]
[WhiteElo "2559"]
[BlackElo "2601"]
[WhiteTeam "Argentina Krakens"]
[BlackTeam "New York Marshalls"]
[WhiteFideId "117927"]
[BlackFideId "1122401"]
[EventDate "2020.01.06"]

1. Nf3 Nf6 2. c4 e6 3. g3 d5 4. Bg2 dxc4 5. Qa4+ Bd7 6. Qxc4 c5 7. Ne5 Qc8 8.
Qd3 Nc6 9. Nxd7 Nxd7 10. Nc3 Be7 11. O-O O-O 12. b3 Rd8 13. Bb2 Nb6 14. Qc2 Qd7
15. d3 Rac8 16. Rac1 h6 17. Ne4 Nd4 18. Qd2 Nd5 19. Rfe1 b6 20. Rcd1 a5 21. Nc3
Nb4 22. e3 Ndc6 23. Qe2 Bf8 24. Rd2 Nd5 25. Red1 Ncb4 26. Nxd5 exd5 27. Qh5 Rc7
28. a3 Na6 29. e4 d4 30. a4 b5 31. e5 bxa4 32. bxa4 Nb4 33. Re1 Re8 34. Qd1 Qe6
35. h4 Rcc8 36. Kh2 Rb8 37. Bc1 Nd5 38. Bh3 Qg6 39. Qf3 Nc3 40. Bf5 Qa6 41. e6
fxe6 42. Bg6 Re7 43. Rc2 e5 44. h5 Qf6 45. Qxf6 gxf6 46. Bd2 Rb3 47. Bxc3 dxc3
48. Rec1 Rd7 49. Rxc3 Rxc3 50. Rxc3 Rd4 51. Rc4 Rd8 52. Rg4 Rd4 53. Kh3 Be7 54.
Be8+ Kf8 55. Bb5 Kf7 56. Bc4+ Ke8 57. Rg6 e4 58. Bb5+ Kf7 59. dxe4 c4 60. Rxh6
c3 61. Rh7+ Ke6 62. Rh8 Bd8 63. Re8+ Kf7 64. h6 Kg6 65. Rg8+ Kxh6 66. Kg2 c2 67.
Rh8+ Kg7 68. Rh1 Rd1 0-1

[Event "PRO League Group Stage"]
[Site "chess.com INT"]
[Date "2020.02.03"]
[Round "5"]
[White "Iturrizaga Bonelli, Eduardo"]
[Black "Pichot, Alan"]
[Result "1/2-1/2"]
[WhiteTitle "GM"]
[BlackTitle "GM"]
[WhiteElo "2597"]
[BlackElo "2606"]
[WhiteTeam "New York Marshalls"]
[BlackTeam "Argentina Krakens"]
[WhiteFideId "3901211"]
[BlackFideId "110973"]
[EventDate "2020.01.06"]

1. c4 Nf6 2. g3 c6 3. Qa4 g6 4. Bg2 Bg7 5. Nc3 O-O 6. Nf3 d5 7. d4 Nbd7 8. cxd5
Nb6 9. Qb3 cxd5 10. Ne5 Ng4 11. Nxd5 Be6 12. e4 Nxf2 13. Kxf2 f5 14. Qd1 fxe4+
15. Nf4 g5 16. Bxe4 gxf4 17. Bxf4 Nd5 18. Rg1 Qb6 19. Nf3 Qxb2+ 20. Qe2 Qxe2+
21. Kxe2 Nc3+ 22. Ke3 Nxe4 23. Kxe4 Rad8 24. Ke3 Rc8 25. Rac1 Rxc1 26. Rxc1 Bxa2
27. Ra1 Bd5 28. Rxa7 Bxf3 29. Kxf3 Bxd4 30. Rxb7 e5 31. Ke4 exf4 32. Kxd4 fxg3
33. hxg3 Rf3 34. g4 Rf4+ 35. Ke5 Rxg4 36. Kf6 Rg6+ 37. Kf5 Rg1 1/2-1/2

[Event "PRO League Group Stage"]
[Site "chess.com INT"]
[Date "2020.02.03"]
[Round "5"]
[White "Azarov, Sergei"]
[Black "Flores, Diego"]
[Result "0-1"]
[WhiteTitle "GM"]
[BlackTitle "GM"]
[WhiteElo "2597"]
[BlackElo "2599"]
[WhiteTeam "New York Marshalls"]
[BlackTeam "Argentina Krakens"]
[WhiteFideId "13501470"]
[BlackFideId "108049"]
[EventDate "2020.01.06"]

1. e4 c5 2. Nf3 e6 3. d4 cxd4 4. Nxd4 a6 5. Be2 Qc7 6. O-O Nf6 7. Nc3 Bc5 8. Bg5
Nc6 9. Bxf6 gxf6 10. Nb3 Ba7 11. Kh1 h5 12. f4 h4 13. Bg4 h3 14. Bxh3 b5 15. Rf3
Bb7 16. Qf1 b4 17. Ne2 Ne7 18. Ng3 f5 19. Re1 Rxh3 20. gxh3 fxe4 21. Nxe4 f5 22.
Ned2 Ng6 23. Qg2 Kf7 0-1

[Event "PRO League Group Stage"]
[Site "chess.com INT"]
[Date "2020.02.03"]
[Round "5"]
[White "Berchtenbreiter, Maximilian"]
[Black "Nyzhnyk, Illya"]
[Result "1-0"]
[WhiteTitle "IM"]
[BlackTitle "GM"]
[WhiteElo "2488"]
[BlackElo "2662"]
[WhiteTeam "U.K. Lions"]
[BlackTeam "Chicago Wind"]
[WhiteFideId "24641120"]
[BlackFideId "14118084"]
[EventDate "2020.01.06"]

1. e4 c6 2. c4 d5 3. cxd5 cxd5 4. exd5 Nf6 5. Nc3 Nxd5 6. Nf3 Nc6 7. Bc4 e6 8.
O-O Be7 9. d4 O-O 10. Re1 a6 11. a3 b5 12. Ba2 Nxc3 13. bxc3 Bb7 14. a4 b4 15.
Rb1 a5 16. c4 Bf6 17. d5 exd5 18. cxd5 Ne7 19. d6 Nf5 20. Bf4 Ra6 21. Qd3 g6 22.
d7 Ra7 23. Rbd1 Bc6 24. Bxf7+ Kg7 25. Be6 Bxa4 26. g4 Bxd1 27. Rxd1 Ne7 28. Qe3
Nc6 29. Bh6+ Kh8 30. Qc5 Bg7 31. Bxg7+ Kxg7 32. Qxc6 Qf6 33. g5 Qe7 34. Qb6 1-0

[Event "PRO League Group Stage"]
[Site "chess.com INT"]
[Date "2020.02.03"]
[Round "5"]
[White "Tan, Justin2"]
[Black "Cori, Jorge"]
[Result "0-1"]
[WhiteTitle "GM"]
[BlackTitle "GM"]
[WhiteElo "2511"]
[BlackElo "2652"]
[WhiteTeam "U.K. Lions"]
[BlackTeam "Chicago Wind"]
[WhiteFideId "3206882"]
[BlackFideId "3802272"]
[EventDate "2020.01.06"]

1. e4 c5 2. Nf3 Nc6 3. Bb5 g6 4. O-O Bg7 5. Re1 Nh6 6. c3 O-O 7. h3 a6 8. Bxc6
bxc6 9. d4 cxd4 10. cxd4 Rb8 11. Bf4 Qb6 12. Bxb8 Qxb8 13. Qc2 f5 14. e5 f4 15.
Nc3 Nf5 16. Qb3+ Qxb3 17. axb3 d6 18. Ne2 Bh6 19. Rec1 Bb7 20. Ra4 Rd8 21. exd6
exd6 22. d5 c5 23. Rd1 g5 24. h4 g4 25. Nh2 g3 26. Ng4 gxf2+ 27. Kxf2 Bg7 28.
Rxf4 Rf8 29. Kg1 Nxh4 30. Rxf8+ Kxf8 31. g3 Ng6 32. Nc3 Bd4+ 33. Kg2 Ne7 34.
Rf1+ Kg7 35. Kh2 h5 36. Nf2 Nxd5 37. Nfe4 Ne3 38. Re1 Ng4+ 39. Kh3 Be5 40. Kh4
Kg6 41. Nxd6 Bg2 42. Nde4 Nh2 43. Re3 Bd4 44. Rd3 Bf1 45. Nf2 Bf6# 0-1

[Event "PRO League Group Stage"]
[Site "chess.com INT"]
[Date "2020.02.03"]
[Round "5"]
[White "Quesada Perez, Yuniesky"]
[Black "Tabatabaei, M.amin"]
[Result "0-1"]
[WhiteTitle "GM"]
[BlackTitle "GM"]
[WhiteElo "2601"]
[BlackElo "2638"]
[WhiteTeam "Chicago Wind"]
[BlackTeam "U.K. Lions"]
[WhiteFideId "3504409"]
[BlackFideId "12521213"]
[EventDate "2020.01.06"]

1. e4 c5 2. Nf3 d6 3. d4 cxd4 4. Nxd4 Nf6 5. Nc3 a6 6. h3 e6 7. g4 h6 8. Bg2 Be7
9. f4 Qc7 10. O-O Nc6 11. Nf3 b5 12. a3 Bb7 13. Qe2 Rc8 14. Kh1 Nd7 15. Be3 Na5
16. Rae1 Nc4 17. Bd4 O-O 18. Nd1 e5 19. fxe5 dxe5 20. Bf2 Nc5 21. Nh4 Ne6 22.
Bg3 Nf4 23. Bxf4 Bxh4 24. Bc1 Bxe1 25. Qxe1 f6 26. Nf2 Nb6 27. c3 Nd7 28. h4 Nc5
29. g5 hxg5 30. hxg5 f5 31. Qe2 g6 32. exf5 Bxg2+ 33. Kxg2 Qc6+ 34. Kg1 Rxf5 35.
Ng4 Rxf1+ 36. Qxf1 Rf8 37. Nf6+ Kg7 38. Be3 Rh8 39. Ng4 Rh1+ 0-1

[Event "PRO League Group Stage"]
[Site "chess.com INT"]
[Date "2020.02.03"]
[Round "5"]
[White "Tang, Andrew"]
[Black "Jones, Gawain C B"]
[Result "1-0"]
[WhiteTitle "GM"]
[BlackTitle "GM"]
[WhiteElo "2521"]
[BlackElo "2679"]
[WhiteTeam "Chicago Wind"]
[BlackTeam "U.K. Lions"]
[WhiteFideId "2059630"]
[BlackFideId "409561"]
[EventDate "2020.01.06"]

1. d4 Nf6 2. c4 g6 3. f3 Bg7 4. e4 d6 5. Nc3 O-O 6. Nge2 Nbd7 7. Bg5 c6 8. Qd2
a6 9. Bh6 b5 10. Ng3 Bxh6 11. Qxh6 e5 12. d5 cxd5 13. cxd5 b4 14. Nd1 Nc5 15. h4
a5 16. h5 Ba6 17. Bxa6 Rxa6 18. Nf2 Ra7 19. Rd1 a4 20. Nh3 b3 21. a3 Qa5+ 22.
Kf1 Ncd7 23. Ng5 Qb5+ 24. Ne2 Nb6 25. Ke1 Nc4 26. hxg6 fxg6 27. Ne6 Qa5+ 28. Kf1
Re8 29. Rc1 Nd2+ 30. Kg1 Qb6+ 31. Kh2 Nxf3+ 32. gxf3 Qf2+ 33. Kh3 Qxf3+ 34. Ng3
Nxe4 35. Qh4 Nf2+ 36. Kh2 Qxd5 37. Rhf1 Qd2 38. Kg1 Rxe6 39. Rc8+ Kg7 40. Rxf2
Qd4 41. Qd8 Kh6 42. Qf8+ Kg5 43. Rc3 Qg4 44. Rg2 Qd4+ 45. Kh1 Qh4+ 46. Rh2 Rf6
47. Qxf6+ Kxf6 48. Rxh4 d5 49. Rc6+ Kg5 50. Rh2 h5 51. Rg2 Kf4 52. Rxg6 h4 53.
Nh5+ Kf3 54. Rf6+ Ke3 55. Rf5 Re7 56. Nf6 Re6 57. Nxd5+ Ke4 58. Rf6 Re8 59. Nc3+
Kd3 60. Rf3+ Kc4 61. Rg4+ Kc5 62. Rxh4 Rd8 63. Rxa4 Kc6 64. Rf2 Rd3 65. Rb4 Kd7
66. Kg2 Ke6 67. Kf1 Re3 68. Rxb3 Kd7 69. Rd2+ Kc6 70. Rb6+ Kc5 71. Rb4 Rf3+ 72.
Ke2 Rh3 73. Ne4+ Kc6 74. Rd6+ Kc7 75. Rc4+ Kb8 76. Rd7 Rh4 77. Nd6 Rh2+ 78. Kf3
e4+ 79. Kg3 1-0

[Event "PRO League Group Stage"]
[Site "chess.com INT"]
[Date "2020.02.03"]
[Round "5"]
[White "Santiago, Yago De Moura"]
[Black "Abdusattorov, Nodirbek"]
[Result "1/2-1/2"]
[WhiteTitle "GM"]
[BlackTitle "GM"]
[WhiteElo "2486"]
[BlackElo "2635"]
[WhiteTeam "Brazil Capybaras"]
[BlackTeam "California Unicorns"]
[WhiteFideId "2103877"]
[BlackFideId "14204118"]
[EventDate "2020.01.06"]

1. d4 Nf6 2. Nc3 d5 3. Bf4 c5 4. e3 cxd4 5. exd4 a6 6. Bd3 Nc6 7. Nge2 Nb4 8. f3
Nxd3+ 9. Qxd3 e6 10. g4 Bd6 11. h4 Bxf4 12. Nxf4 Qc7 13. Qe3 O-O 14. g5 Ne8 15.
Nd3 Nd6 16. Ne5 Nf5 17. Qd2 f6 18. gxf6 gxf6 19. Rg1+ Kh8 20. Ng4 Qf7 21. Nh6
Nxh6 22. Qxh6 Bd7 23. O-O-O Rg8 24. Ne2 Rg6 25. Rxg6 Qxg6 26. Qxg6 hxg6 27. Nf4
Kh7 28. Kd2 Rc8 29. Re1 Re8 30. Rg1 Rg8 31. Re1 Re8 32. b3 Kh6 33. Rg1 Rg8 34.
Re1 Re8 35. c4 dxc4 36. bxc4 e5 37. dxe5 fxe5 38. Nd5 Bc6 39. Nf6 Rd8+ 40. Kc3
Bxf3 41. Rxe5 Rf8 42. Re6 Rf7 43. Kb4 Kg7 44. Ne8+ Kh6 45. Nf6 Rc7 46. Re3 Bc6
47. Re5 Rc8 48. Ng4+ Kg7 49. h5 Bf3 50. Rg5 a5+ 51. Kb5 Be4 52. hxg6 Re8 53. Re5
Bc6+ 54. Kb6 Rc8 55. Rc5 Ra8 56. Rxa5 Re8 57. Ne5 Be4 58. Kc7 Re6 59. Kd7 Rf6
60. c5 Rf5 61. Nc4 Bd5 62. Nd6 Rf2 63. Kc7 Rxa2 64. Rxa2 Bxa2 65. Nxb7 Kxg6 66.
Kd6 Bb1 67. c6 Be4 68. Nc5 Bxc6 1/2-1/2

[Event "PRO League Group Stage"]
[Site "chess.com INT"]
[Date "2020.02.03"]
[Round "5"]
[White "Fier, Alexandr"]
[Black "Naroditsky, Daniel"]
[Result "0-1"]
[WhiteTitle "GM"]
[BlackTitle "GM"]
[WhiteElo "2528"]
[BlackElo "2621"]
[WhiteTeam "Brazil Capybaras"]
[BlackTeam "California Unicorns"]
[WhiteFideId "2107139"]
[BlackFideId "2026961"]
[EventDate "2020.01.06"]

1. c4 e5 2. Nc3 Bb4 3. Nd5 Na6 4. g3 Nf6 5. Nxb4 Nxb4 6. Bg2 O-O 7. a3 Nc6 8. d3
d5 9. cxd5 Nxd5 10. Nf3 Bg4 11. O-O Re8 12. Qc2 Bxf3 13. exf3 Nd4 14. Qd1 c6 15.
Re1 Qb6 16. Rb1 Rad8 17. Bd2 h6 18. Bc3 Re6 19. Qa4 Rde8 20. Bxd4 exd4 21. Rxe6
Rxe6 22. Qd1 a5 23. f4 Qc5 24. Rc1 Qb5 25. Qd2 Nb6 26. Re1 Rxe1+ 27. Qxe1 Kf8
28. h4 Na4 29. Qe4 Qc5 30. Qh7 Nxb2 31. Qh8+ Ke7 32. Qxg7 Nxd3 33. Be4 Qc1+ 34.
Kg2 Qd2 35. Bxd3 Qxd3 36. Qe5+ Kd7 37. f5 Qc4 38. Qxa5 d3 39. Kf3 Qc2 40. Qb4 d2
41. Qxb7+ Kd6 42. Qb4+ Kd5 43. Qa5+ c5 44. Qa8+ Kd4 45. Qd8+ Kc4 0-1

[Event "PRO League Group Stage"]
[Site "chess.com INT"]
[Date "2020.02.03"]
[Round "5"]
[White "Smirnov, Anton"]
[Black "Do Valle Cardoso, Lucas"]
[Result "1-0"]
[WhiteTitle "GM"]
[WhiteElo "2604"]
[BlackElo "2228"]
[WhiteTeam "California Unicorns"]
[BlackTeam "Brazil Capybaras"]
[WhiteFideId "3208923"]
[BlackFideId "2163144"]
[EventDate "2020.01.06"]

1. e4 e5 2. Nf3 Nc6 3. Bb5 f5 4. d3 fxe4 5. dxe4 Nf6 6. Qe2 d6 7. a3 Be7 8. Bc4
Bg4 9. c3 Qd7 10. h3 Be6 11. Ng5 Bxc4 12. Qxc4 Rf8 13. b4 h6 14. Nf3 g5 15. Be3
a6 16. a4 d5 17. exd5 Nxd5 18. Nbd2 Nf4 19. Bxf4 exf4 20. O-O O-O-O 21. b5 Na5
22. Qe2 Rfe8 23. bxa6 b6 24. a7 Kb7 25. Nc4 Nxc4 26. Qxc4 Bc5 27. a5 g4 28. axb6
cxb6 29. hxg4 Qxg4 30. a8=Q+ Rxa8 31. Qd5+ Kc7 32. Rxa8 Rxa8 33. Qxa8 1-0

[Event "PRO League Group Stage"]
[Site "chess.com INT"]
[Date "2020.02.03"]
[Round "5"]
[White "Zierk, Steven"]
[Black "Mekhitarian, Krikor Sevag"]
[Result "0-1"]
[WhiteTitle "GM"]
[BlackTitle "GM"]
[WhiteElo "2509"]
[BlackElo "2563"]
[WhiteTeam "California Unicorns"]
[BlackTeam "Brazil Capybaras"]
[WhiteFideId "2034255"]
[BlackFideId "2107660"]
[EventDate "2020.01.06"]

1. e4 e5 2. Nf3 Nc6 3. Bc4 Bc5 4. d3 Nf6 5. O-O d6 6. c3 h6 7. a4 a5 8. Re1 O-O
9. Nbd2 Be6 10. Bxe6 fxe6 11. Nf1 Qe8 12. d4 Bb6 13. Ng3 exd4 14. cxd4 e5 15. d5
Ng4 16. dxc6 Bxf2+ 17. Kh1 Bxe1 18. Qxe1 Qxc6 19. Bd2 b6 20. Rc1 Qd7 21. Qe2 Rf7
22. Nf5 Qxa4 23. Ng5 Rxf5 24. Qxg4 Raf8 25. Nf3 R5f6 26. h3 c5 27. Nh4 Qd4 28.
Bc3 Rf1+ 29. Rxf1 Rxf1+ 30. Kh2 Qg1+ 31. Kg3 Qf2+ 32. Kh2 Qf4+ 33. Qxf4 Rxf4 34.
Nf5 Rxe4 35. Nxd6 Re2 36. Kg3 e4 37. Nc4 a4 38. Na3 g5 39. Kg4 Rxg2+ 40. Kf5 e3
41. Ke4 e2 42. Kf3 e1=Q 43. Bxe1 Rxb2 0-1

[Event "PRO League Group Stage"]
[Site "chess.com INT"]
[Date "2020.02.03"]
[Round "5"]
[White "Fedoseev, Vladimir3"]
[Black "Perez Ponsa, Federico"]
[Result "1-0"]
[WhiteTitle "GM"]
[BlackTitle "GM"]
[WhiteElo "2671"]
[BlackElo "2559"]
[WhiteTeam "New York Marshalls"]
[BlackTeam "Argentina Krakens"]
[WhiteFideId "24130737"]
[BlackFideId "117927"]
[EventDate "2020.01.06"]

1. d4 Nf6 2. c4 e6 3. Nf3 d5 4. g3 Be7 5. Bg2 O-O 6. O-O dxc4 7. Qc2 a6 8. a4
Bd7 9. Qxc4 Bc6 10. Bf4 Bd6 11. Qc1 Nbd7 12. a5 Qe7 13. Nc3 e5 14. dxe5 Nxe5 15.
Nxe5 Bxg2 16. Kxg2 Bxe5 17. Qe3 Rfe8 18. Qxe5 Qxe5 19. Bxe5 Rxe5 20. Rfd1 Kf8
21. Ra4 b5 22. axb6 cxb6 23. Rd6 Re6 24. Rdd4 b5 25. Ra5 Rb8 26. e3 Rc6 27. e4
b4 28. Nd1 Ke8 29. Ne3 Nd7 30. Nf5 g6 31. Nd6+ Ke7 32. Nxf7 Nc5 33. Ne5 Rc7 34.
Rc4 Kd6 35. Rcxc5 Rxc5 36. Rxc5 Kxc5 37. Nd7+ Kd6 38. Nxb8 a5 39. e5+ Kd5 40. e6
Kxe6 41. Nc6 Kd5 42. Nxa5 Kd4 43. b3 1-0

[Event "PRO League Group Stage"]
[Site "chess.com INT"]
[Date "2020.02.03"]
[Round "5"]
[White "Moranda, Wojciech"]
[Black "Obregon, Andres Carlos"]
[Result "1-0"]
[WhiteTitle "GM"]
[BlackTitle "GM"]
[WhiteElo "2601"]
[BlackElo "2525"]
[WhiteTeam "New York Marshalls"]
[BlackTeam "Argentina Krakens"]
[WhiteFideId "1122401"]
[BlackFideId "111724"]
[EventDate "2020.01.06"]

1. Nf3 Nf6 2. g3 d5 3. Bg2 c6 4. O-O Bg4 5. d3 e6 6. Nbd2 Be7 7. e4 h6 8. Qe1
O-O 9. Ne5 Bh5 10. f4 Nbd7 11. Nxd7 Nxd7 12. Nf3 dxe4 13. dxe4 e5 14. Kh1 Bf6
15. fxe5 Bxf3 16. Bxf3 Nxe5 17. Bg2 Re8 18. Qe2 Ng6 19. Be3 Qe7 20. c3 Bg5 21.
Bd4 c5 22. Bg1 Rad8 23. Rad1 b6 24. a3 Ne5 25. Rd5 Rd6 26. Rfd1 Red8 27. b4 c4
28. R1d4 Bf6 29. Be3 Bg5 30. Bg1 g6 31. a4 h5 32. h3 Bf6 33. Be3 h4 34. gxh4
Bxh4 35. Bf4 Bf6 36. Qe3 R6d7 37. Qg3 Nd3 38. e5 Bh4 39. Rxd7 Rxd7 40. Rxd7 Bxg3
41. Rxe7 Bxf4 42. Bd5 Bxe5 43. Bxc4 1-0

[Event "PRO League Group Stage"]
[Site "chess.com INT"]
[Date "2020.02.03"]
[Round "5"]
[White "Flores, Diego"]
[Black "Iturrizaga Bonelli, Eduardo"]
[Result "0-1"]
[WhiteTitle "GM"]
[BlackTitle "GM"]
[WhiteElo "2599"]
[BlackElo "2597"]
[WhiteTeam "Argentina Krakens"]
[BlackTeam "New York Marshalls"]
[WhiteFideId "108049"]
[BlackFideId "3901211"]
[EventDate "2020.01.06"]

1. Nf3 Nf6 2. c4 b6 3. g3 Bb7 4. Bg2 g6 5. O-O Bg7 6. Nc3 c5 7. d3 O-O 8. e4 Nc6
9. h3 Ne8 10. Be3 Nc7 11. d4 cxd4 12. Nxd4 Ne6 13. Nde2 Nc5 14. Qd2 d6 15. Bh6
Bxh6 16. Qxh6 e6 17. Rad1 Qe7 18. Rd2 Rad8 19. Rfd1 Ne5 20. b3 f5 21. Rd4 fxe4
22. Nxe4 Nxe4 23. Bxe4 Bxe4 24. Rxe4 Qb7 25. Nc3 Nf3+ 26. Kf1 d5 27. Rxe6 Qf7
28. Re2 dxc4 29. Rxd8 Rxd8 30. Kg2 Nd4 31. Qd2 Qf3+ 32. Kh2 Qxe2 0-1

[Event "PRO League Group Stage"]
[Site "chess.com INT"]
[Date "2020.02.03"]
[Round "5"]
[White "Pichot, Alan"]
[Black "Azarov, Sergei"]
[Result "0-1"]
[WhiteTitle "GM"]
[BlackTitle "GM"]
[WhiteElo "2606"]
[BlackElo "2597"]
[WhiteTeam "Argentina Krakens"]
[BlackTeam "New York Marshalls"]
[WhiteFideId "110973"]
[BlackFideId "13501470"]
[EventDate "2020.01.06"]

1. e4 e5 2. Nf3 Nc6 3. Bb5 a6 4. Ba4 Nf6 5. O-O Be7 6. Re1 b5 7. Bb3 d6 8. c3
O-O 9. h3 h6 10. d4 Re8 11. Nbd2 Bf8 12. a4 Bd7 13. d5 Ne7 14. Nf1 Ng6 15. Ng3
c6 16. dxc6 Bxc6 17. Nh2 Nf4 18. Ng4 Nxg4 19. Qxg4 Qf6 20. Nh5 Nxh5 21. Qxh5
bxa4 22. Bxa4 Bxa4 23. Rxa4 Qe6 24. Qe2 a5 25. Be3 d5 26. Rea1 dxe4 27. Rxa5
Rab8 28. b4 f5 29. Ra6 Qb3 30. Rc6 Rbc8 31. Qa6 Rcd8 32. g3 f4 33. gxf4 exf4 34.
Bxf4 Rd1+ 35. Rxd1 Qxd1+ 36. Kh2 Qf3 37. Be3 Rd8 38. Qc4+ Kh8 39. Qf1 Bd6+ 40.
Rxd6 Rxd6 41. b5 Qf5 42. c4 Qe5+ 43. Kh1 Rd3 44. b6 Ra3 45. Kg2 Ra1 46. Qe2 h5
47. c5 Qf5 48. h4 Rb1 49. Bg5 Rb3 50. Qxh5+ Kg8 51. Qe8+ Kh7 52. Qh5+ Kg8 53.
Qd1 Rd3 54. Qe2 Qd5 55. Be3 Rb3 56. Qd2 Qe6 57. Qd8+ Kh7 58. Qd1 Qf5 59. h5 Qe6
60. Qe2 Rb1 61. Kh2 Qe5+ 62. Kg2 Qe6 63. Bf4 Qf5 64. Bg3 Rb3 65. c6 Rxb6 66. c7
Rc6 67. Qd1 e3 68. Qf3 Qxf3+ 69. Kxf3 exf2 70. Kxf2 Kh6 71. Be5 Kxh5 72. Bxg7
Rxc7 73. Bd4 Kg4 74. Ke3 Re7+ 75. Kd3 Kf3 76. Kc4 Ke4 77. Bc5 Rc7 78. Kb5 Kd5
79. Bb6 Rb7 80. Ka6 Kc6 81. Ba5 Rb3 82. Ka7 Ra3 0-1

[Event "PRO League Group Stage"]
[Site "chess.com INT"]
[Date "2020.02.03"]
[Round "5"]
[White "Nyzhnyk, Illya"]
[Black "Tan, Justin2"]
[Result "1-0"]
[WhiteTitle "GM"]
[BlackTitle "GM"]
[WhiteElo "2662"]
[BlackElo "2511"]
[WhiteTeam "Chicago Wind"]
[BlackTeam "U.K. Lions"]
[WhiteFideId "14118084"]
[BlackFideId "3206882"]
[EventDate "2020.01.06"]

1. c4 c5 2. Nf3 Nc6 3. b3 e5 4. Bb2 d6 5. g3 f5 6. Bg2 Nf6 7. Nc3 Be7 8. O-O O-O
9. e3 f4 10. Ng5 Bf5 11. Nd5 h6 12. Nxf6+ Rxf6 13. Bd5+ Kf8 14. exf4 hxg5 15.
fxg5 Rg6 16. f4 Ke8 17. Qh5 Kd7 18. Bf7 Re6 19. g6 Bd3 20. Qg4 Kc7 21. Bxe6 Bxf1
22. Rxf1 Bf6 23. Bd5 Qe8 24. Bxc6 Kxc6 25. Re1 Rd8 26. Qf5 Kb6 27. fxe5 dxe5 28.
Bxe5 Qc6 29. Bxf6 Rxd2 30. Re6 1-0

[Event "PRO League Group Stage"]
[Site "chess.com INT"]
[Date "2020.02.03"]
[Round "5"]
[White "Cori, Jorge"]
[Black "Berchtenbreiter, Maximilian"]
[Result "1/2-1/2"]
[WhiteTitle "GM"]
[BlackTitle "IM"]
[WhiteElo "2652"]
[BlackElo "2488"]
[WhiteTeam "Chicago Wind"]
[BlackTeam "U.K. Lions"]
[WhiteFideId "3802272"]
[BlackFideId "24641120"]
[EventDate "2020.01.06"]

1. d4 Nf6 2. Nf3 c5 3. d5 e6 4. c4 exd5 5. cxd5 Bd6 6. Nc3 O-O 7. Bg5 Re8 8. e3
a6 9. a4 Qe7 10. Bd3 h6 11. Bh4 Bc7 12. O-O d6 13. a5 Bg4 14. Ra4 Bxf3 15. Qxf3
Nbd7 16. Ne4 g5 17. Bg3 Nxe4 18. Rxe4 Qf6 19. Qg4 Ne5 20. Bxe5 Rxe5 21. Rxe5
Qxe5 22. Qd7 Qxd5 23. Bc2 Bxa5 24. Rd1 Qe5 25. Qxb7 Rf8 26. Qxa6 Qxb2 27. Qd3
Rd8 28. Qh7+ Kf8 29. Qxh6+ Qg7 30. Qh5 d5 31. Qf3 Qe5 32. g3 Kg7 33. Qh5 Rh8 34.
Qg4 c4 35. Rb1 Qf6 36. h4 Bd8 37. Rb7 Kf8 38. Rd7 gxh4 39. Qd4 Qxd4 40. exd4 Bf6
41. Rxd5 hxg3 42. fxg3 Rg8 43. Kf2 Rg4 44. Kf3 Rxd4 45. Rxd4 Bxd4 46. Ke4 Bf2
47. g4 Ke7 48. Kd5 c3 49. Kc4 Be1 50. Kb3 Kf6 51. Bf5 Kg5 52. Kc2 Kf4 1/2-1/2